000
00291nam a22001337a 4500
008
171104b xxu||||| |||| 00| 0 eng d
020
_a
9781582975412
041
_a
eng
080
_a
339.138
100
_a
61
101
_a
SHTJ
245
_a
WRITER'S MARKET
_c
MACOMBER, D
942
_2
udc
_c
BK
999
_c
37599
_d
37599